| 000 | 00402nam a2200169Ia 4500 | ||
|---|---|---|---|
| 003 | 0STCL | ||
| 008 | 150530s9999 xx 000 0 und d | ||
| 040 |
_aSTCL _cSTCL |
||
| 100 | _aTerry Eagletor; Drew Milne; Ed | ||
| 245 | _aMarxist literary theory a reader | ||
| 250 | _aFirst | ||
| 260 |
_bBlackwell _c1996 |
||
| 546 | _aEnglish | ||
| 942 |
_2ddc _cBK |
||
| 999 |
_c50902 _d50902 |
||
| 005 | 20220125170832.0 | ||